00389cam a2200157 a 4500020001500000020001800015020001500033020001800048040000800066082002600074245004500100300002300145650002400168700001800192700002100210 a031051830X a9780310230786 a0310230780 a9780310518303 cDLC00a220 CRO 1990 C153 Or.02aA Complete literary guide to the Bible / a528 pages ;c25 cm 0aBible as literature1 aRyken, Leland1 aLongman, Tremper